| 000 | 00359nam a22001337a 4500 | ||
|---|---|---|---|
| 003 | NUST | ||
| 005 | 20230302102040.0 | ||
| 008 | 230302b ||||| |||| 00| 0 eng d | ||
| 082 | _a297.1,ELA | ||
| 245 |
_aKawateen ki Zimadari / _cProf Dr. Fazal Elahi |
||
| 260 |
_aLahore, Pakistan _bMaktaba E Qudusia _c2007 |
||
| 300 | _a320p. | ||
| 942 |
_2ddc _cBK _k297.1,ELA |
||
| 999 |
_c593494 _d593494 |
||